Permanent Volume on Income Tax in South Africa / (Record no. 814)
[ view plain ]
| 000 -LEADER | |
|---|---|
| fixed length control field | 00490nam a22001577a 4500 |
| 005 - DATE AND TIME OF INPUT | |
| control field | 20231121062028.0 |
| 008 - DATA ELEMENTS--GENERAL INFORMATION | |
| fixed length control field | 231121b |||||||| |||| 00| 0 eng d |
| 020 ## - INTERNATIONAL STANDARD BOOK NUMBER | |
| International Standard Book Number | 0620033215 |
| 041 ## - LANGUAGE CODE | |
| Language code of text | English |
| 082 ## - SHELF NUMBER | |
| DDC number | 343.4 MEY |
| 100 ## - MAIN AUTHOR | |
| Main author's name | Meyerowitz, D and Spiro, E |
| Language of a work | English |
| 245 ## - TITLE STATEMENT | |
| Title | Permanent Volume on Income Tax in South Africa / |
| Statement of responsibility, etc. | D Meyerowitz and E Spiro |
| 300 ## - PHYSICAL DESCRIPTION | |
| Other physical details | ii, 729 pages ; |
| Dimensions | 25 cm. |
| 650 ## - SUBJECT` | |
| Broad subject | Legal practice |
| Own subject terms | Law |
| 942 ## - ADDED ENTRY ELEMENTS (KOHA) | |
| Item type | Books |
| 942 ## - ADDED ENTRY ELEMENTS (KOHA) | |
| -- | ALISON_BN_VRIES |
| Source of classification or shelving scheme | Not for loan | Collection code | Home library | Current library | Shelving location | Date acquired | Full call number | Barcode | Price effective from | Koha item type |
|---|---|---|---|---|---|---|---|---|---|---|
| Dewey Decimal Classification | TEXT BOOKS | LAW SOCIETY OF NAMIBIA LIBRARY - WINDHOEK | LAW SOCIETY OF NAMIBIA LIBRARY - WINDHOEK | Income tax reporter (tax) | 11/21/2023 | 343.4 MEY | LSN/1986/101 | 11/21/2023 | Books |
